Шифртелеграмма заместителя наркома иностранных дел СССР В. Г. Деканозова полпредам СССР в США, Великобритании, Франции, Италии и...

RUSMARC
00003804cbm0a2200265#x 450
0016bffbc84-14ca-4dec-82ef-ca5f6114afe6
00520210616153923.0
100##$a20210616j19400205k###0rusy50 ca
1010#$arus
102##$aRU
105##$ay###z######z#
1220#$ad19400205##
2001#$aШифртелеграмма заместителя наркома иностранных дел СССР В. Г. Деканозова полпредам СССР в США, Великобритании, Франции, Италии и Японии о необходимости сбора и обобщения информации по Балканам
$j5 февраля 1940 г.
251##$cДокумент
300##$aПодлинник
461#0$12001
$aФ. 059
$1251
$cФонд
$1852
$j059
462#0$12001
$aОп. 1. П. 339
$1251
$cОпись
$1852
$j1. П. 339
462#0$12001
$aД. 2319
$vЛ. 29
$1251
$cДело
$1852
$j2319
605##$2prlib_sh
$3LIBNET\UAF\0000088514
$aВторая мировая война в архивных документах (Комплекс оцифрованных архивных документов, кино- и фотоматериалов)
$lколлекция
686##$a63.3(2)621ю11
$vLBC/M
$2rubbk
801#0$aRU
$bПБ им. Б.Н. Ельцина
$c20210616
801#1$aRU
$bПБ им. Б.Н. Ельцина
$c20210616
$2rusmarc
801#2$aRU
$bПБ им. Б.Н. Ельцина
$c20210616
$2rusmarc
850##$aАрхив внешней политики Российской Федерации
852##$aАВП РФ
$jЛ. 29
035##$aLIBNET\0001161952
937##$d165222469
$hФедеральное архивное агентство
8564#$uhttp://readingroom.main.prlib.ru/item.aspx?id_node=n165222469&mode=full
Формат отображения